| 000 | 00750nam a2200205Ia 4500 | ||
|---|---|---|---|
| 003 | GCL | ||
| 008 | 140319s9999 xx 000 0 ara d | ||
| 040 |
_aGCL / _cGCL |
||
| 082 | 0 | 4 |
_a810.9 _bع ا |
| 100 | 1 | _aعمر كوش | |
| 245 | 1 | 0 |
_aالاتجاهات النقدية الحديثة / _cعمر كوش |
| 250 | _aالاولى | ||
| 260 |
_aسوريا : _bدار كنعان للدراسات والنشر ، _c2003 |
||
| 300 |
_a139 ص ؛ _c20 سم |
||
| 650 | 0 | 4 | _aالشعر العربى - تاريخ ونقد |
| 650 | 0 | 4 | _aالادب العربى - تاريخ ونقد |
| 650 | 0 | 4 | _aالقصص العربية - تاريخ ونقد |
| 650 | 0 | 4 | _aالشعر العربى - تاريخ ونقد - العصر الجاهلى |
| 942 |
_2ddc _cBK |
||
| 999 |
_c49701 _d49701 |
||